Personnalités célèbres commençant par L - Statistiques

Statistiques générales
  • Ce quiz a été pris 45 fois
  • Le résultat moyen est 7 sur 16
Statistiques - réponses
Par images Réponse % Correct
Hugo Lloris
70%
Pascal Légitimus
63%
Eva Longoria
55%
Jack lang
55%
Lââm
55%
Chantal Ladesou
53%
Jude Law
50%
George Lucas
45%
Mélanie Laurent
45%
Patrice Laffont
40%
Alex Lutz
35%
Alexia Laroche-Joubert
33%
Jonathan Lambert
33%
Lindsay Lohan
23%
Michaël Llodra
23%
Marie-Sophie Lacarrau
13%
Aucun quiz correspondant
Distribution des résultats
% des personnes avec chaque résultat
Percentile par nombre de réponses
Votre historique - résultats
Vous n’avez pas pris ce quiz